[Event "Titled Tuesday intern op 27th Feb Late"]
[Site "Chess.com INT"]
[Date "2024.02.27"]
[Round "8"]
[White "Dourerassou, Jonathan"]
[Black "Makaraci, Tunahan"]
[Result "1-0"]
[WhiteElo "2414"]
[BlackElo "2238"]
[PlyCount "57"]
[EventDate "2024.02.27"]
[EventType "swiss (blitz)"]
[EventRounds "11"]
[EventCountry "USA"]
[SourceTitle "CB10_2024"]
[SourceDate "2024.03.06"]
[SourceVersion "1"]
[SourceVersionDate "2024.03.06"]
[SourceQuality "1"]

1. e4 Nf6 2. Nc3 d5 3. e5 Nfd7 4. f4 c5 5. Nxd5 Nxe5 6. Bb5+ Nbc6 7. Ne3 Ng6 8. Bxc6+ bxc6 9. Qf3 Qc7 10. Ne2 e6 11. 0-0 Be7 12. d3 0-0 13. b3 a5 14. a4 Bf6 15. Rb1 Ne7 16. Ba3 Qa7 17. Kh1 Nd5 18. Nc4 Ba6 19. Nd6 Nb4 20. Rbc1 Rfd8 21. Ne4 Qe7 22. N2g3 g6 23. Nxf6+ Qxf6 24. Ne4 Qe7 25. Bb2 f5 26. Nf6+ Kf7 27. Nxh7 Qh4 28. Ng5+ Ke7 29. Qe2 1-0

[Event "Titled Tuesday intern op 09th Jan Early"]
[Site "Chess.com INT"]
[Date "2024.01.09"]
[Round "3"]
[White "Makaraci, Tunahan"]
[Black "Bindrich, Falko"]
[Result "1/2-1/2"]
[WhiteElo "2238"]
[BlackElo "2584"]
[PlyCount "141"]
[EventDate "2024.01.09"]
[EventType "swiss (blitz)"]
[EventRounds "11"]
[EventCountry "USA"]
[SourceTitle "CB03_2024"]
[SourceDate "2024.01.17"]
[SourceVersion "1"]
[SourceVersionDate "2024.01.17"]
[SourceQuality "1"]

1. e4 e5 2. Nc3 Nc6 3. f4 exf4 4. Nf3 Nf6 5. d4 d5 6. exd5 Nxd5 7. Nxd5 Qxd5 8. Bxf4 Bd6 9. Bxd6 Qxd6 10. Bd3 0-0 11. 0-0 Nxd4 12. Bxh7+ Kxh7 13. Qxd4 Qxd4+ 14. Nxd4 Bd7 15. Rad1 Rae8 16. Rfe1 Kg6 17. Kf2 Kf6 18. b4 Rh8 19. h3 Rxe1 20. Rxe1 Rh4 21. c3 Rh5 22. Nb3 b6 23. a3 c5 24. Re3 Rd5 25. Rf3+ Ke7 26. Re3+ Kd6 27. Ke1 Ba4 28. Nd2 Kd7 29. Nc4 f6 30. Nd2 Bc2 31. Ke2 b5 32. Ne4 Bxe4 33. Rxe4 g5 34. g3 Kd6 35. h4 f5 36. Re8 Kd7 37. Rg8 gxh4 38. gxh4 cxb4 39. axb4 f4 40. Rg7+ Ke6 41. Rxa7 Rh5 42. Rb7 Kd6 43. Kd3 Kc6 44. Rb8 Rxh4 45. Ke4 Rg4 46. Rf8 Rg3 47. Rf6+ Kd7 48. Kd4 f3 49. Ke3 f2+ 50. Kxf2 Rxc3 51. Rf4 Kd6 52. Ke2 Ke5 53. Rh4 Rg3 54. Kd2 Kd5 55. Kc2 Rf3 56. Kd2 Rb3 57. Kc2 Rg3 58. Kd2 Rf3 59. Kc2 Rf2+ 60. Kd3 Rf3+ 61. Kc2 Ra3 62. Kb2 Ra8 63. Kc2 Rc8+ 64. Kd3 Rd8 65. Rh5+ Kc6+ 66. Kc3 Rg8 67. Rh6+ Kd5 68. Rh5+ Kc6 69. Rh6+ Kc7 70. Rh7+ Kc6 71. Rh6+ 1/2-1/2

[Event "Titled Tuesday intern op 24th Oct Late"]
[Site "Chess.com INT"]
[Date "2023.10.24"]
[Round "3"]
[White "Gorovets, Andrey"]
[Black "Makaraci, Tunahan"]
[Result "1-0"]
[WhiteElo "2463"]
[BlackElo "2238"]
[PlyCount "83"]
[EventDate "2023.10.24"]
[EventType "swiss (blitz)"]
[EventRounds "11"]
[EventCountry "USA"]
[SourceTitle "Mega2024 Update 01"]
[Source "Chessbase"]
[SourceDate "2023.11.12"]
[SourceVersion "1"]
[SourceVersionDate "2023.11.12"]
[SourceQuality "1"]

1. Nf3 d5 2. g3 c5 3. Bg2 Nc6 4. d4 Nf6 5. 0-0 e6 6. b3 cxd4 7. Nxd4 Bc5 8. Nxc6 bxc6 9. Bb2 0-0 10. c4 Ba6 11. Qc2 Bb6 12. Nc3 Rc8 13. Na4 Qe7 14. Rac1 Rfd8 15. Rfd1 h6 16. e3 Bb7 17. h3 e5 18. Nxb6 axb6 19. cxd5 cxd5 20. Qe2 Rxc1 21. Rxc1 d4 22. exd4 Bxg2 23. Kxg2 Qb7+ 24. Qf3 e4 25. Qe2 Re8 26. Kh2 Nd5 27. Qb5 Re6 28. Qc4 Kh7 29. Re1 e3 30. Qd3+ g6 31. fxe3 Nb4 32. Qd2 Nd5 33. e4 Nf6 34. d5 Rxe4 35. Bxf6 Rxe1 36. Qxe1 Qxd5 37. Qf2 b5 38. Ba1 f5 39. Qd4 Qxd4 40. Bxd4 g5 41. a4 bxa4 42. bxa4 1-0

[Event "Titled Tuesday intern op 24th Oct Late"]
[Site "Chess.com INT"]
[Date "2023.10.24"]
[Round "5"]
[White "Karamsetty, Jeevan"]
[Black "Makaraci, Tunahan"]
[Result "0-1"]
[WhiteElo "2300"]
[BlackElo "2238"]
[PlyCount "114"]
[EventDate "2023.10.24"]
[EventType "swiss (blitz)"]
[EventRounds "11"]
[EventCountry "USA"]
[SourceTitle "Mega2024 Update 01"]
[Source "Chessbase"]
[SourceDate "2023.11.12"]
[SourceVersion "1"]
[SourceVersionDate "2023.11.12"]
[SourceQuality "1"]

1. e4 Nf6 2. e5 Nd5 3. d4 d6 4. c4 Nb6 5. exd6 cxd6 6. Nc3 g6 7. Nf3 Bg7 8. h3 0-0 9. Be2 Nc6 10. Be3 Bf5 11. a3 d5 12. c5 Nc4 13. Bxc4 dxc4 14. 0-0 Bd3 15. Re1 Re8 16. Qa4 Nxd4 17. Nxd4 Bxd4 18. Bxd4 Qxd4 19. c6 bxc6 20. Qxc6 Rac8 21. Qa4 Rb8 22. Rad1 Kg7 23. Re3 Rbd8 24. Qb4 Rb8 25. Qa4 e5 26. Rd2 Re6 27. Qa5 e4 28. Qc7 Rbb6 29. Qxa7 Qe5 30. Qa4 f5 31. Qd7+ Re7 32. Qd8 Rd6 33. Qb8 Rde6 34. Qxe5+ Rxe5 35. g3 g5 36. f4 exf3 37. Rxf3 Re1+ 38. Kg2 Rc1 39. Rff2 Ree1 40. Kf3 Kg6 41. g4 f4 42. h4 Re3+ 43. Kg2 Rg3+ 44. Kh2 Rxg4 45. hxg5 Kxg5 46. Rg2 h5 47. Nd5 f3 48. Rxg4+ hxg4 49. Kg3 Rg1+ 50. Kf2 Rg2+ 51. Ke3 Rxd2 52. Kxd2 f2 53. Ne3 g3 54. b3 f1Q 55. Nxf1 Bxf1 56. Ke1 g2 57. Kf2 cxb3 0-1

[Event "Titled Tuesday intern op 24th Oct Late"]
[Site "Chess.com INT"]
[Date "2023.10.24"]
[Round "2"]
[White "Makaraci, Tunahan"]
[Black "Skvortsov, Andrei"]
[Result "1-0"]
[WhiteElo "2238"]
[BlackElo "2294"]
[PlyCount "99"]
[EventDate "2023.10.24"]
[EventType "swiss (blitz)"]
[EventRounds "11"]
[EventCountry "USA"]
[SourceTitle "Mega2024 Update 01"]
[Source "Chessbase"]
[SourceDate "2023.11.12"]
[SourceVersion "1"]
[SourceVersionDate "2023.11.12"]
[SourceQuality "1"]

1. e4 c5 2. c3 a6 3. Nf3 Nf6 4. e5 Nd5 5. Bc4 Nb6 6. Bb3 c4 7. Bc2 d5 8. exd6 e6 9. 0-0 Bxd6 10. Qe2 N8d7 11. Na3 Bxa3 12. bxa3 Qc7 13. a4 Nd5 14. Ba3 b5 15. axb5 axb5 16. Bb4 Nxb4 17. cxb4 Bb7 18. a4 bxa4 19. Bxa4 0-0 20. Rfc1 Nb6 21. Bb5 Rxa1 22. Rxa1 Qf4 23. Qe3 Qf6 24. Ra7 Bxf3 25. Qxf3 Qb2 26. h3 Qxd2 27. Rb7 Qe1+ 28. Kh2 Qe5+ 29. Qg3 Qxb5 30. Qd6 Qf5 31. Rxb6 h5 32. Rc6 Qxf2 33. Rxc4 Ra8 34. Rf4 Qe3 35. Rf3 Qe4 36. Qd7 Qg6 37. b5 Rb8 38. b6 f6 39. Qxe6+ Qf7 40. Qd6 Qb7 41. Rb3 Rc8 42. Qe6+ Kh7 43. Rb5 g6 44. Qxf6 Rc6 45. Qd8 Kg7 46. Re5 Qxb6 47. Re7+ Kh6 48. Qf8+ Kg5 49. Re5+ Kh4 50. Qf4# 1-0

[Event "Titled Tuesday intern op 12th Sep Late"]
[Site "Chess.com INT"]
[Date "2023.09.12"]
[Round "4"]
[White "Makaraci, Tunahan"]
[Black "Ansh, M Shah"]
[Result "1-0"]
[WhiteElo "2262"]
[BlackElo "2166"]
[PlyCount "89"]
[EventDate "2023.09.12"]
[EventType "swiss (blitz)"]
[EventRounds "11"]
[EventCountry "USA"]
[SourceTitle "EXT 2024"]
[Source "ChessBase"]
[SourceDate "2023.10.10"]
[SourceVersion "1"]
[SourceVersionDate "2023.10.10"]
[SourceQuality "1"]

1. e4 c5 2. c3 Nc6 3. d4 cxd4 4. cxd4 d5 5. exd5 Qxd5 6. Nf3 Nf6 7. Nc3 Qa5 8. d5 Nb4 9. Bc4 Qc5 10. Bb3 e6 11. dxe6 Bxe6 12. Bxe6 fxe6 13. 0-0 Nbd5 14. Qe2 Qb6 15. Bg5 0-0-0 16. Nxd5 Rxd5 17. Rac1+ Kb8 18. Ne5 Bc5 19. b4 Bd4 20. Bf4 Ka8 21. Nc4 Qa6 22. Rfd1 e5 23. Bg5 Rhd8 24. Qc2 Qe6 25. Ne3 R5d6 26. Bxf6 gxf6 27. Nf5 Rc6 28. Nxd4 exd4 29. Qd2 Rxc1 30. Rxc1 a6 31. a4 d3 32. h3 Qe2 33. Rd1 Qxd2 34. Rxd2 Rd4 35. a5 Kb8 36. f3 Kc7 37. Kf2 Rxb4 38. Rxd3 Rb5 39. Ra3 Kc6 40. Ra4 Rc5 41. Rf4 f5 42. Rh4 Kb5 43. Rxh7 Kxa5 44. Rxb7 Rb5 45. Ra7 1-0

[Event "Titled Tuesday intern op 12th Sep Late"]
[Site "Chess.com INT"]
[Date "2023.09.12"]
[Round "6"]
[White "Ozates, Tuna"]
[Black "Makaraci, Tunahan"]
[Result "1-0"]
[WhiteElo "2309"]
[BlackElo "2262"]
[PlyCount "75"]
[EventDate "2023.09.12"]
[EventType "swiss (blitz)"]
[EventRounds "11"]
[EventCountry "USA"]
[SourceTitle "EXT 2024"]
[Source "ChessBase"]
[SourceDate "2023.10.10"]
[SourceVersion "1"]
[SourceVersionDate "2023.10.10"]
[SourceQuality "1"]

1. e4 c5 2. Nf3 Nc6 3. Bb5 d6 4. 0-0 Bd7 5. Re1 Nf6 6. c3 a6 7. Bf1 Bg4 8. h3 Bxf3 9. Qxf3 e6 10. Qg3 Nh5 11. Qf3 Nf6 12. d3 Be7 13. g4 0-0 14. Nd2 b5 15. Qg3 d5 16. e5 Nd7 17. Nf3 Qc7 18. h4 Rae8 19. h5 h6 20. g5 hxg5 21. Nxg5 Ndxe5 22. Bf4 Bd6 23. Kh1 f6 24. Nf3 Nf7 25. Bxd6 Qxd6 26. Qh4 Nce5 27. Nxe5 Nxe5 28. Re3 Kf7 29. Bh3 Rh8 30. Rg1 g5 31. hxg6+ Kg7 32. Qg3 Rh6 33. f4 Reh8 34. fxe5 Rxh3+ 35. Qxh3 Rxh3+ 36. Rxh3 Qxe5 37. Rh7+ Kg8 38. g7 1-0

[Event "Istanbul op"]
[Site "Istanbul"]
[Date "2023.09.01"]
[Round "9"]
[White "Makaraci, Tunahan"]
[Black "Yadegar, Radin"]
[Result "1/2-1/2"]
[WhiteElo "2306"]
[BlackElo "2255"]
[PlyCount "55"]
[EventDate "2023.08.26"]
[EventType "swiss"]
[EventRounds "9"]
[EventCountry "TUR"]
[SourceTitle "EXT 2024"]
[Source "ChessBase"]
[SourceDate "2023.10.10"]
[SourceVersion "1"]
[SourceVersionDate "2023.10.10"]
[SourceQuality "1"]

1. e4 e5 2. Nc3 Nf6 3. g3 d5 4. exd5 Nxd5 5. Bg2 Nxc3 6. bxc3 Bd6 7. Nf3 0-0 8. 0-0 Nc6 9. Rb1 h6 10. d4 e4 11. Nd2 f5 12. f3 exf3 13. Qxf3 Ne7 14. Nc4 c6 15. Nxd6 Qxd6 16. Bf4 Qd7 17. Qh5 Nd5 18. Bxd5+ cxd5 19. Rfe1 Qf7 20. Qe2 b6 21. Qd3 Bd7 22. Bd6 Rfe8 23. Re5 Qf6 24. Rxe8+ Rxe8 25. Be5 Qc6 26. Rf1 Qc4 27. Qxc4 dxc4 28. Kf2 1/2-1/2

[Event "TUR-chT"]
[Site "Ankara"]
[Date "2023.07.19"]
[Round "10.16"]
[White "Yurtseven, Melih"]
[Black "Makaraci, Tunahan"]
[Result "0-1"]
[WhiteElo "2329"]
[BlackElo "2296"]
[PlyCount "64"]
[EventDate "2023.07.10"]
[EventType "team-tourn"]
[EventRounds "11"]
[EventCountry "TUR"]
[SourceTitle "EXT 2024"]
[Source "ChessBase"]
[SourceDate "2023.10.10"]
[SourceVersion "1"]
[SourceVersionDate "2023.10.10"]
[SourceQuality "1"]
[WhiteTeam "Deniz Su Aquamatch"]
[BlackTeam "Karaman Futbol"]
[WhiteTeamCountry "TUR"]
[BlackTeamCountry "TUN"]

1. e4 c5 2. Nc3 Nc6 3. a3 e5 4. Bc4 d6 5. d3 Be7 6. Nge2 Be6 7. 0-0 Nf6 8. Nd5 0-0 9. c3 a6 10. Ng3 b5 11. Ba2 Rc8 12. Be3 Nb8 13. f4 Ng4 14. f5 Nxe3 15. Nxe3 Bxa2 16. Rxa2 Nd7 17. Nh5 g6 18. Ng3 Bg5 19. Nd5 Nb6 20. Qg4 h5 21. Qf3 h4 22. Ne2 Nxd5 23. exd5 c4 24. d4 Kg7 25. a4 Bf6 26. axb5 axb5 27. dxe5 dxe5 28. Ra6 Ra8 29. Rc6 Ra2 30. Rb1 Qd7 31. g4 Qa7+ 32. Kg2 Ra1 0-1

[Event "TUR-chT"]
[Site "Ankara"]
[Date "2023.07.17"]
[Round "8.4"]
[White "Karaoglan, Doruk"]
[Black "Makaraci, Tunahan"]
[Result "0-1"]
[WhiteElo "2247"]
[BlackElo "2296"]
[PlyCount "101"]
[EventDate "2023.07.10"]
[EventType "team-tourn"]
[EventRounds "11"]
[EventCountry "TUR"]
[SourceTitle "EXT 2024"]
[Source "ChessBase"]
[SourceDate "2023.10.10"]
[SourceVersion "1"]
[SourceVersionDate "2023.10.10"]
[SourceQuality "1"]
[WhiteTeam "Rota Koleji Dernegi"]
[BlackTeam "Karaman Futbol"]
[WhiteTeamCountry "TUR"]
[BlackTeamCountry "TUN"]

1. e4 c5 2. Nf3 Nc6 3. d4 cxd4 4. Nxd4 g6 5. Nc3 Bg7 6. Be3 Nf6 7. Bc4 0-0 8. Bb3 Re8 9. 0-0 d6 10. h3 Na5 11. Qd3 b6 12. Bd5 Nxd5 13. exd5 Qd7 14. f4 e6 15. dxe6 fxe6 16. Rad1 Bb7 17. Nf3 Rad8 18. Bd4 Bxf3 19. Rxf3 d5 20. Bxg7 Qxg7 21. b3 Nc6 22. Qd2 Qf6 23. Nb5 Rd7 24. Qc3 Qxc3 25. Rxc3 Ne7 26. Re1 Kf7 27. Nd4 Nf5 28. Nf3 Kg7 29. Rc6 Kf6 30. g4 Ng7 31. Ne5 Rb7 32. c4 Rd8 33. cxd5 Rxd5 34. Rc8 Ke7 35. Rec1 Ne8 36. Nc6+ Kf8 37. Nd8 Re7 38. R1c6 e5 39. f5 gxf5 40. gxf5 e4 41. Rf6+ Kg7 42. Re6 Re5 43. Rxe7+ Rxe7 44. Nc6 Rc7 45. Rxc7+ Nxc7 46. Nxa7 Kf6 47. Nc8 Nd5 48. Nd6 Ke5 49. Nc4+ Kxf5 50. a4 Kf4 51. Kf2 0-1

[Event "Titled Tuesday intern op 06th Jun Late"]
[Site "Chess.com INT"]
[Date "2023.06.06"]
[Round "11"]
[White "Skvortsov, Andrei"]
[Black "Makaraci, Tunahan"]
[Result "1-0"]
[WhiteElo "2330"]
[BlackElo "2296"]
[PlyCount "79"]
[EventDate "2023.06.06"]
[EventType "swiss (blitz)"]
[EventRounds "11"]
[EventCountry "USA"]
[SourceTitle "EXT 2024"]
[Source "ChessBase"]
[SourceDate "2023.10.10"]
[SourceVersion "1"]
[SourceVersionDate "2023.10.10"]
[SourceQuality "1"]

1. d4 d5 2. c4 e6 3. Nf3 c5 4. cxd5 exd5 5. Nc3 Nf6 6. Bg5 Be6 7. e3 c4 8. Be2 Bb4 9. 0-0 Nbd7 10. Ne5 Qa5 11. Nxd7 Nxd7 12. Bf3 0-0 13. Ne2 h6 14. Bf4 Be7 15. h3 Nf6 16. Be5 b5 17. a3 Qb6 18. Nc3 Rad8 19. g4 a5 20. Bg2 b4 21. axb4 axb4 22. Ne2 Ra8 23. f4 Ne4 24. f5 Bd7 25. Bxe4 dxe4 26. Ng3 Bc6 27. Rxa8 Rxa8 28. Bxg7 Ba4 29. Qe1 Bg5 30. Be5 Rc8 31. Nxe4 c3 32. Nc5 Bb5 33. Rf2 Rxc5 34. dxc5 Qxc5 35. Bd4 Qd5 36. bxc3 Bc6 37. e4 Qc4 38. Qe2 Qb3 39. Qa6 Bxe4 40. Qc8+ 1-0

[Event "Titled Tuesday intern op 30th May Early"]
[Site "Chess.com INT"]
[Date "2023.05.30"]
[Round "6"]
[White "Makaraci, Tunahan"]
[Black "Balla, Tamas Kristof"]
[Result "1-0"]
[WhiteElo "2296"]
[BlackElo "2303"]
[PlyCount "63"]
[EventDate "2023.05.30"]
[EventType "swiss (blitz)"]
[EventRounds "11"]
[EventCountry "USA"]
[SourceTitle "CBM 214 Extra"]
[Source "ChessBase"]
[SourceDate "2023.07.31"]
[SourceVersion "1"]
[SourceVersionDate "2023.07.31"]
[SourceQuality "1"]

1. e4 c5 2. c3 Nf6 3. e5 Nd5 4. Nf3 Nc6 5. d4 cxd4 6. cxd4 d6 7. Bc4 dxe5 8. dxe5 Be6 9. 0-0 g6 10. Ng5 Bg7 11. Nxe6 fxe6 12. f4 0-0 13. Nc3 Qb6+ 14. Kh1 Rad8 15. Qb3 Qd4 16. Rd1 Qf2 17. Nxd5 exd5 18. Bxd5+ Kh8 19. Be3 Qh4 20. g3 Qh5 21. Bg2 a5 22. Bb6 Rc8 23. Rac1 Nb4 24. a3 Nc2 25. Qf3 Qf5 26. Qe4 Qe6 27. Bxa5 Qa6 28. Bc3 Nxa3 29. Ra1 Rc4 30. Rxa3 Qb5 31. Qxb7 Qc5 32. Qd5 1-0

[Event "Titled Tuesday intern op 30th May Early"]
[Site "Chess.com INT"]
[Date "2023.05.30"]
[Round "4"]
[White "Makaraci, Tunahan"]
[Black "Heinemann, Josefine"]
[Result "1-0"]
[WhiteElo "2296"]
[BlackElo "2289"]
[PlyCount "59"]
[EventDate "2023.05.30"]
[EventType "swiss (blitz)"]
[EventRounds "11"]
[EventCountry "USA"]
[SourceTitle "CBM 214 Extra"]
[Source "ChessBase"]
[SourceDate "2023.07.31"]
[SourceVersion "1"]
[SourceVersionDate "2023.07.31"]
[SourceQuality "1"]

1. e4 c5 2. c3 d5 3. exd5 Qxd5 4. d4 Nf6 5. Nf3 e6 6. a3 cxd4 7. cxd4 Nc6 8. Nc3 Qd8 9. Be3 Be7 10. Bd3 0-0 11. 0-0 b6 12. Qe2 Bb7 13. Rad1 Rc8 14. Rfe1 Nd5 15. Nxd5 Qxd5 16. Bc4 Qh5 17. d5 Na5 18. Ba2 exd5 19. Bxb6 axb6 20. Qxe7 Ba8 21. Re5 Qh6 22. Bxd5 Bxd5 23. Rexd5 Nc4 24. Rd8 Rcxd8 25. Rxd8 g6 26. Ng5 Rxd8 27. Qxf7+ Kh8 28. Qf6+ Qg7 29. Qxd8+ Qg8 30. Qd4+ 1-0

[Event "Titled Tuesday intern op 30th May Early"]
[Site "Chess.com INT"]
[Date "2023.05.30"]
[Round "2"]
[White "Makaraci, Tunahan"]
[Black "Martinez Alcantara, Jose Eduardo"]
[Result "1/2-1/2"]
[WhiteElo "2296"]
[BlackElo "2619"]
[PlyCount "211"]
[EventDate "2023.05.30"]
[EventType "swiss (blitz)"]
[EventRounds "11"]
[EventCountry "USA"]
[SourceTitle "CBM 214 Extra"]
[Source "ChessBase"]
[SourceDate "2023.07.31"]
[SourceVersion "1"]
[SourceVersionDate "2023.07.31"]
[SourceQuality "1"]

1. e4 c5 2. c3 e6 3. Nf3 d5 4. exd5 exd5 5. d4 Nc6 6. Bb5 Bd6 7. dxc5 Bxc5 8. 0-0 Nf6 9. Bg5 0-0 10. Bxf6 Qxf6 11. Qxd5 Bb6 12. Nbd2 Bf5 13. Bxc6 bxc6 14. Qe5 Qxe5 15. Nxe5 Rac8 16. Ndc4 Bc5 17. Rad1 Rfe8 18. Rfe1 f6 19. Nf3 Rxe1+ 20. Rxe1 Rd8 21. h3 Bf8 22. Nd4 Bd7 23. Kf1 Kf7 24. Rd1 Be6 25. Ne3 Rb8 26. Nxe6 Kxe6 27. b3 Bc5 28. Ke2 h5 29. Nc2 Rc8 30. Nd4+ Kf7 31. Nf5 Rc7 32. Nd6+ Ke6 33. Ne4 Be7 34. c4 g5 35. g4 f5 36. gxf5+ Kxf5 37. Ng3+ Kg6 38. Rd3 h4 39. Ne4 a5 40. a4 Rb7 41. Kd2 Kf5 42. Ke3 Ke5 43. Nd2 Bc5+ 44. Ke2 Re7 45. Kf1 Re8 46. Kg2 Rf8 47. Nf3+ Ke4 48. Rc3 Rf5 49. Nd2+ Kd4 50. Rf3 Re5 51. Nf1 Bb4 52. Ne3 Bd2 53. Ng4 Re6 54. Rf8 Kc3 55. Rf3+ Kc2 56. Kf1 Re1+ 57. Kg2 Rb1 58. Ne5 Rxb3 59. Nxc6 Rxf3 60. Kxf3 Kb3 61. Nxa5+ Bxa5 62. c5 Kc4 63. Kg4 Kxc5 64. Kxg5 Bd8+ 65. Kg4 Kb4 66. f4 Kxa4 67. f5 Kb5 68. f6 Bxf6 69. Kf3 Bd8 70. Kg2 Kc6 71. Kh1 Kd5 72. Kh2 Ke4 73. Kh1 Kf3 74. Kh2 Kf2 75. Kh1 Kg3 76. Kg1 Bc7 77. Kh1 Bd6 78. Kg1 Bb4 79. Kh1 Bd2 80. Kg1 Kf3 81. Kh1 Ke2 82. Kg1 Ke1 83. Kh1 Kf1 84. Kh2 Be3 85. Kh1 Bf2 86. Kh2 Be1 87. Kh1 Kf2 88. Kh2 Kf3 89. Kh1 Kg3 90. Kg1 Kxh3 91. Kh1 Kg3 92. Kg1 Bd2 93. Kh1 Bf4 94. Kg1 Kg4 95. Kh1 Kf5 96. Kg1 Kg5 97. Kh1 Kh5 98. Kg1 Kg4 99. Kh1 Bh2 100. Kxh2 h3 101. Kh1 Kh4 102. Kh2 Kg4 103. Kh1 Kg3 104. Kg1 h2+ 105. Kh1 Kf2 106. Kxh2 1/2-1/2